000 00579nam a2200169Ia 4500
003 GCL
008 140319s9999 xx 000 0 ara d
040 _aGCL /
_cGCL
082 0 4 _aد
_b050
_bم ع
245 1 0 _aالوسواس القهرى ( عالم المعرفة 293 )
260 _aالكويت :
_bالمجلس الوطنى للثقافة والفنون والاداب ،
_c2003
650 0 4 _aالاضطرابات النفسية
650 0 4 _aالعلاج النفسى
650 0 4 _aالامراض النفسية
650 0 4 _aالوسواس القهرى
942 _2ddc
_cCR
999 _c6652
_d6652